Big Ten Men's Basketball Players of the Year - Statistics

General Stats
  • This quiz has been taken 54 times
    10 since last reset
  • The average score is 17 of 45
Answer Stats
Year Player College Current Team % Correct
2012 Draymond Green Michigan State Golden State Warriors
90%
2021 Luka Garza Iowa Boston Celtics
90%
2020 Luka Garza Iowa Boston Celtics
90%
2024 Zach Edey Purdue Memphis Grizzlies
90%
2023 Zach Edey Purdue Memphis Grizzlies
90%
1997 Bobby Jackson Minnesota Sacramento Kings - (Assistant Coach)
70%
2015 Frank Kaminsky Wisconsin Alvark Tokyo - Japan
70%
2011 JaJuan Johnson Purdue Hapoel Eilat B.C. - Israel
70%
1992 Jim Jackson Ohio State Retired
70%
1991 Jim Jackson Ohio State Retired
70%
2025 Braden Smith Purdue Purdue Boilermakers
60%
2019 Cassius Winston Michigan State Pallacanestro Reggiana - Italy
60%
1994 Glenn Robinson Purdue Retired
60%
1989 Glen Rice Michigan Retired
60%
2026 Yaxel Lendeborg Michigan Michigan Wolverines
60%
2017 Caleb Swanigan Purdue Deceased
50%
2016 Denzel Valentine Michigan State Reyer Venezia - Italy
50%
2022 Johnny Davis Wisconsin Wisconsin Herd
50%
2013 Trey Burke Michigan Astros de Jalisco - Mexico
50%
1999 Mateen Cleaves Michigan State Phoenix Suns - (Assistant Coach)
40%
1998 Mateen Cleaves Michigan State Phoenix Suns - (Assistant Coach)
40%
2010 Evan Turner Ohio State Retired
30%
1993 Calbert Cheaney Indiana Retired
20%
2005 Dee Brown Illinois Roosevelt Lakers - (Head Coach)
20%
2004 Devin Harris Wisconsin Retired
20%
2002 Jared Jeffries Indiana Retired
20%
2009 Kalin Lucas Michigan State Free Agent
20%
2014 Nik Stauskas Michigan Retired
20%
1985 Roy Tarpley Michigan Deceased
20%
1986 Scott Skiles Michigan State Retired
20%
1995 Shawn Respert Michigan State Retired
20%
1987 Dennis Hopson Ohio State Retired
10%
2008 D.J. White Indiana Oklahoma City Blue - (General Manager)
10%
1988 Gary Grant Michigan Retired
10%
1989 Jay Edwards Indiana Retired
10%
2018 Keita Bates-Diop Ohio State Sioux Falls Skyforce - (Assistant Coach)
10%
1990 Steve Scheffler Purdue Retired
10%
2000 A. J. Guyton Indiana Retired
0%
2007 Alando Tucker Wisconsin Retired
0%
2003 Brian Cook Illinois Retired
0%
1996 Brian Evans Indiana Retired
0%
2001 Frank Williams Illinois Retired
0%
2000 Morris Peterson Michigan State Retired
0%
1999 Scoonie Penn Ohio State Retired
0%
2006 Terence Dials Ohio State Retired
0%
No matching quizzes found
Score Distribution
Percent of People with Each Score
Percentile by Number Answered
Your Score History
You have not taken this quiz since the last reset